000 00170nam a22000857a 4500
082 _a621.381502SHE
100 _aShea Richard F
245 _aAmplifier handbook
942 _cBK
999 _c15247
_d15247